000
00307nam a22001337a 4500
020
_q
PB.
040
_c
FIZZA ISHAQ
082
_a
625.8
_b
CMH
100
_a
C.M HAYDEN
_9
90456
245
_a
PAVEMENT AND SURFACE MATERIALS /
_c
C.M.HAYDEN.
260
_a
ASTM ;
_c
1980.
300
_a
124 P. ;
942
_2
ddc
_c
BK
999
_c
588669
_d
588669